| 000 | 00572nam a2200169Ia 4500 | ||
|---|---|---|---|
| 005 | 20250508151549.0 | ||
| 008 | 008 250505s9999 xx 000 0 eng d | ||
| 037 | _aBooks to be hide in OPAC | ||
| 040 |
_aFEDL _beng _cFEDL |
||
| 041 |
_aeng _2eng |
||
| 084 |
_a370, IOW/O _qFEDL |
||
| 245 | 0 | _aUniversity of lowa monographs in education : A method for rating the drill provisions in arthmetic textbooks | |
| 260 |
_aLowa, USA _bThe College of Education University of Lowa _c1912 |
||
| 300 | _a148p. | ||
| 942 |
_cHB _h370, IOW/O |
||
| 999 |
_c1330658 _d1330658 |
||